000 00354 a2200109 4500
001 ART_14664
005 20260410161913.0
008 260409a
245 1 0 _aMoney and the core in a sequence economy with transaction costs
100 1 _aHonkapohja, Seppo
773 0 _tEuropean economic review
_g- Vol. 10, NÂș 2 (nov. 1977)
_wREV13346
999 _c26974
_d26974